| 000 | 00846nam a22002297a 4500 | ||
|---|---|---|---|
| 003 | OSt | ||
| 005 | 20241017122858.0 | ||
| 008 | 220802b ||||| |||| 00| 0 eng d | ||
| 020 | _a9780415882774 | ||
| 040 |
_cMUST _aDDC |
||
| 082 | _a631.58 INT 2019 | ||
| 100 |
_aEdited by Suhas P. Wani; Johan Rockström; K. L. Sahrawat _916098 |
||
| 245 |
_aIntegrated Watershed Management In Rainfed Agriculture _cEdited by Suhas P. Wani; Johan Rockström; K. L. Sahrawat |
||
| 260 |
_aThe Netherlands : _bCRC Press/Balkema; _c©2011 |
||
| 300 |
_axxiii, 472P.: _b col, ill., _c26 cm |
||
| 504 | _aIncludes bibliographical references and index | ||
| 650 |
_aAgriculture _916099 |
||
| 650 |
_aWatershed management. _916100 |
||
| 650 |
_aDry farming -- Economic aspects _916101 |
||
| 650 |
_aAgricultural productivity. _916102 |
||
| 942 |
_2ddc _cO_SHELF |
||
| 999 |
_c7922 _d7922 |
||